000 01668nam a22002537a 4500
003 Uzh_bibl
008 260629b |||||||| |||| 00| 0 ukr d
020 _a5-333-00715-2
_c1.50
040 _aукр.
041 _2ukr
_aukr
080 _a821(477)
090 _a821(477)
_bГ 85
100 _aГрищук, Броніслав
245 _aКинджал милосердя
_hТекст
260 _aКиїв
_bРадянський письменник
_c1991
300 _a317 с.
_fВ опр.
520 _aВ музеї старовинної зброї герой повісті, яка дала назву книжці відомого українського письменника, надибує дивний кинджал – вузький, довгий, з чорним руків'ям. Виявилося, що це – «кинджал милосердя», яким лицарі після битв добивали поранених, чужих і своїх, щоб не мучилися нещасні... Тема гаданого і справжнього милосердя, віри і безвір'я є нервом всієї збірки талановитих повістей та оповідань.
521 _aДля широкого кола читачів
546 _aукр.
650 _aЛітературно-художнє видання
_yСучасність (кінець XX століття)
_zУкраїна
653 _aМилосердя
_aКинджал
_aВіра
_aСовість
_aДобро
655 _aПовісті, оповідання
_vПовісті та оповідання
942 _2udc
_cBK
999 _c18592
_d18592